| 000 | 00779nam a2200241 i 4500 | ||
|---|---|---|---|
| 001 | bgj | ||
| 100 | 1 | _aSCOTT, Wendy A. | |
| 245 | 1 | 0 |
_aTeaching English to children / _cWendy A. Scott and Lisbeth H. Ytreberg. |
| 250 | _a[4th impr.]. | ||
| 260 |
_aLondon ; _aNew York : _bLongman, _c1993. |
||
| 300 |
_a115 pp : _bill. ; _c22 cm. |
||
| 490 | 1 | _aLongman Keys to Language Teaching | |
| 650 | 9 |
_aEnglish language _xStudy and teaching (|Elementary) _xForeign speakers |
|
| 650 | 9 |
_aChildren _xEducation _xArt language |
|
| 700 | 1 |
_aYTREBERG, Lisbeth H. _eco-author |
|
| 830 | _aLongman Keys to Language Teaching | ||
| 020 | _a058274606X (pbk) | ||
| 040 | _cBPK | ||
| 041 | 0 | _aeng | |
| 920 | _a0-582-74606-X (pbk) | ||
| 942 | _cKS | ||
| 008 | s uk f |000 0 eng | ||
| 999 |
_c47753 _d47753 |
||
| 856 |
_uhttp://koha.tu.koszalin.pl/cgi-bin/koha/opac-detail.pl?biblionumber=47753 _yKatalog online BPK |
||